| 000 | 00571nam a2200193Ia 4500 | ||
|---|---|---|---|
| 008 | 240729s9999 xx 000 0 und d | ||
| 022 | _a2214-7829 | ||
| 245 | 0 | _aInternet Interventions | |
| 260 | _aNetherlands | ||
| 260 | _bElsevier | ||
| 650 | _a Industrial engineering. Management engineering | ||
| 650 | _a Information technology | Philosophy. Psychology. Religion | ||
| 650 | _a Psychology | ||
| 650 | _a Technology (General) | ||
| 650 | _aTechnology | ||
| 856 | _uhttps://doaj.org/toc/8e6fbac30bfc48418f703f970b6b80b3 | ||
| 942 | _2ddc | ||
| 942 | _cDOAJEJ | ||
| 999 |
_c72765 _d72765 |
||
| 945 |
_a1 _bMadushi Gamage _c1 _dMadushi Gamage |
||